La economía política del capitalismo

שמור ב:
מידע ביבליוגרפי
מחבר ראשי: Vargas, Eugenio
פורמט: Texto
יצא לאור: México D.F.: Ediciones de Cultura Popular
תגים: הוספת תג
אין תגיות, היה/י הראשונ/ה לתייג את הרשומה!

MARC

LEADER 00000 a a2200000 04500
001 22643
003
040
090 |a 155200  
100 |a Vargas, Eugenio  
245 |a La economía política del capitalismo  
260 |a México D.F.:   |b Ediciones de Cultura Popular  
300 |a 376 p.  
999 |c 13517  |d 13517